Decarbonising the built environment in the EU (Record no. 121696)
[ view plain ]
| 000 -LEADER | |
|---|---|
| fixed length control field | 01157nam a22002777a 4500 |
| 001 - CONTROL NUMBER | |
| control field | 121696 |
| 008 - FIXED-LENGTH DATA ELEMENTS--GENERAL INFORMATION | |
| fixed length control field | 231103s2023 xxk|||||o|||| 00| 0 eng d |
| 020 ## - INTERNATIONAL STANDARD BOOK NUMBER | |
| ISBN | 9781783215102 |
| 041 ## - LANGUAGE CODE | |
| Language code of text/sound track or separate title | eng |
| 100 ## - MAIN ENTRY--PERSONAL NAME | |
| Personal author | Todhe, Fauste |
| 110 ## - MAIN ENTRY--CORPORATE NAME | |
| Corporate author | Royal Institution of Chartered Surveyors |
| 245 ## - TITLE STATEMENT | |
| Title | Decarbonising the built environment in the EU |
| Subtitle | Leveraging RICS standards for effective policy interventions |
| Medium | [Electronic resource] |
| 260 ## - PUBLICATION INFORMATION | |
| Place of publication | London, |
| Publisher | Royal Institution of Chartered Surveyors, |
| Date | November 2023 |
| 300 ## - PHYSICAL DESCRIPTION | |
| Physical description | 21p. |
| 490 ## - SERIES TITLE | |
| Series statement | RICS Policy Paper |
| 520 ## - ABSTRACT | |
| Abstract | This paper covers: the need to decarbonise; European efforts to decarbonise buildings; gap analysis; RICS standards for decarbonising the built environment; recommendations |
| 650 ## - KEYWORDS | |
| Keywords | CLIMATE CHANGE |
| 650 ## - KEYWORDS | |
| Keywords | NET ZERO |
| 650 ## - KEYWORDS | |
| Keywords | DECARBONISATION |
| 651 ## - SUBJECT ADDED ENTRY--GEOGRAPHIC NAME | |
| Geographic name | European Union |
| 690 ## - BROAD SUBJECT | |
| 9 (RLIN) | 6238 |
| Broad subject | Environment |
| 690 ## - BROAD SUBJECT | |
| 9 (RLIN) | 6307 |
| Broad subject | Built Environment |
| 710 ## - ADDED CORPORATE NAME | |
| Added corporate author | Royal Institution of Chartered Surveyors |
| 856 ## - ONLINE RESOURCE | |
| Uniform Resource Identifier | <a href="https://www.rics.org/content/dam/ricsglobal/documents/reports/rics-cop28-policy-paper-european-union.pdf">https://www.rics.org/content/dam/ricsglobal/documents/reports/rics-cop28-policy-paper-european-union.pdf</a> |
| Public note | Available free on RICS.org |
| 942 ## - ADDED ENTRY ELEMENTS (KOHA) | |
| Suppress in OPAC | Do not suppress in OPAC |
| Lost status | Damaged status | Not for loan | Current library | Shelving location | Date acquired | Total Checkouts | Full call number | Date last seen | Price effective from | Koha item type |
|---|---|---|---|---|---|---|---|---|---|---|
| Virtual | Online | 03/11/2023 | ONLINE PUBLICATION | 03/11/2023 | 03/11/2023 | Online material |